Vplyv administratívnych nákladov zdanenia na efektívnosť zdanenia
Pri skúmaní efektívnosti zdanenia je potrebné zamerať sa najmä na skúmanie nákladov zdanenia. nadmerného daňového bremena a jeho veľkosti, daňovej distorzie a príjmového a substitučného efektu zdanenia. Príspevok sa zameriava na administratívne náklady zdanenia - priame (správne) ako aj nepriame (vy...
Gespeichert in:
| 1. Verfasser: | |
|---|---|
| Format: | Buchkapitel |
| Sprache: | Slowakisch |
| Schlagworte: | |
| Tags: |
Keine Tags, Fügen Sie das erste Tag hinzu!
|
MARC
| LEADER | 00000naa$a2200000$$$4500 | ||
|---|---|---|---|
| 001 | 0022467 | ||
| 005 | 20240502071413.3 | ||
| 041 | 0 | |a slo | |
| 044 | |a SK | ||
| 245 | 1 | 0 | |a Vplyv administratívnych nákladov zdanenia na efektívnosť zdanenia |c Ivona Ďurinová |
| 520 | |a Pri skúmaní efektívnosti zdanenia je potrebné zamerať sa najmä na skúmanie nákladov zdanenia. nadmerného daňového bremena a jeho veľkosti, daňovej distorzie a príjmového a substitučného efektu zdanenia. Príspevok sa zameriava na administratívne náklady zdanenia - priame (správne) ako aj nepriame (vyvolané). Charakteristika priamych administratívnych nákladov a nepriamych administratívnych nákladov (vyvolané). Vplyv administratívnych nákladov zdanenia na efektívnosť zdanenia. | ||
| 610 | 2 | 0 | |a náklady nepriame |
| 610 | 2 | 0 | |a zdaňovanie |
| 610 | 2 | 0 | |a efektívnosť |
| 610 | 2 | 0 | |a náklady priame |
| 610 | 2 | 0 | |a správa štátna |
| 610 | 2 | 0 | |a administratíva |
| 610 | 2 | 0 | |a systémy daňové |
| 610 | 2 | 0 | |a Slovensko |
| 610 | 2 | 0 | |a úrady daňové |
| 100 | 1 | |a Ďurinová, Ivona, 1964- | |